Cyclisme : doublé Tour des Flandres / Paris-Roubaix (1923-2024) - Statistiques

Statistiques générales
  • Ce quiz a été pris 112 fois
    107 depuis la dernière actualisation
  • Le résultat moyen est 6 sur 13
Statistiques - réponses
Années Pays Vainqueurs % Correct
2024 Pays-Bas Mathieu Van der Poel
97%
2013 Suisse Fabian Cancellara
93%
2010 Suisse Fabian Cancellara
92%
2005 Belgique Tom Boonen
90%
2012 Belgique Tom Boonen
90%
1977 Belgique Roger De Vlaeminck
42%
1962 Belgique Rik Van Looy
39%
2003 Belgique Peter Van Petegem
28%
1957 Belgique Fred De Bruyne
5%
1923 Suisse Heiri Suter
5%
1934 Belgique Gaston Rebry
4%
1954 Belgique Raymond Impanis
4%
1932 Belgique Romain Gijssels
2%
Aucun quiz correspondant
Distribution des résultats
% des personnes avec chaque résultat
Percentile par nombre de réponses
Votre historique - résultats
Vous n’avez pas pris ce quiz depuis la dernière actualisation